| 000 | 00493ntaaa2200193 4500 | ||
|---|---|---|---|
| 003 | 01 | ||
| 005 | 20251027202207.0 | ||
| 008 | 0714s1973 ag 01 | ||
| 020 | _a0311120446 | ||
| 040 |
_aAR-BaBN _bspa _cAR-BaBN _eaacr _dRIC |
||
| 082 | _a267.4200 L49s | ||
| 245 | _aNiños amables | ||
| 250 | _a1 ed. | ||
| 260 |
_aEl Paso : _bCasa Bautista de Publicaciones, _c1989 |
||
| 300 |
_a95 p ; _cilu. : 21 cm |
||
| 650 |
_aniños-misiones _99312 |
||
| 700 |
_aStewart, Mary J _920517 |
||
| 942 | _cBK | ||
| 999 |
_c16871 _d16871 |
||